| 000 | 01108nam a2200301 i 4500 | ||
|---|---|---|---|
| 003 | EG-GICUC | ||
| 005 | 20260326122635.0 | ||
| 008 | 251229s1972 ua ||||fr|||| 00| 0 ara d | ||
| 017 | _a1972/3045 | ||
| 040 |
_a EG-GICUC _bara _c EG-GICUC _d EG-GICUC _erda |
||
| 041 | 0 | _aara | |
| 082 | 0 | 4 |
_221 _a345.4 _bم ح . و |
| 092 | 0 | 4 | _221 |
| 099 | _aLaw1 07 345.4 م ح . و 1972 | ||
| 100 | 0 |
_aمحمد السيد الرماصى _eمؤلف. |
|
| 245 | 1 | 2 |
_aالوسيط فى شرح نظام العاملين بالقطاع العام / _cتأليف الدكتور محمد السيد الرماصى. |
| 264 | 3 |
_a[مكان النشر غير محدد] : _bمطبعة أحمد على مخيمر، _c1972. |
|
| 300 |
_a311 ؛ صفحة _c24 سم. |
||
| 336 |
_2rda content _atext |
||
| 337 |
_2rda media _aComputer |
||
| 338 |
_2rda carrier _aOnline Resource |
||
| 546 | _aالنص باللغة العربية | ||
| 650 | 1 | 4 | _aالوظائف العامة |
| 650 | 1 | 4 | _aالقانون الإداري |
| 856 | 4 | 0 | _uhttps://fll.law.cu.edu.eg/fulltext/bks/B07-01908.pdf |
| 905 | _a77 | ||
| 942 |
_2ddc _cBK _e21 _n0 |
||
| 999 |
_c53215 _d53215 |
||